<?xml version="1.0" encoding="UTF-8"?>
<record
    xmlns:xsi="http://www.w3.org/2001/XMLSchema-instance"
    xsi:schemaLocation="http://www.loc.gov/MARC21/slim http://www.loc.gov/standards/marcxml/schema/MARC21slim.xsd"
    xmlns="http://www.loc.gov/MARC21/slim">

  <leader>01849nam0a2200421 i 4500</leader>
  <controlfield tag="001">RU\NLR\BIBL_A\010218650</controlfield>
  <controlfield tag="005">20241105144057.0</controlfield>
  <datafield tag="010" ind1=" " ind2=" ">
    <subfield code="a">9785959609276</subfield>
    <subfield code="9">1000</subfield>
  </datafield>
  <datafield tag="021" ind1=" " ind2=" ">
    <subfield code="a">RU</subfield>
    <subfield code="b">2014-1511</subfield>
    <subfield code="9">93</subfield>
  </datafield>
  <datafield tag="035" ind1=" " ind2=" ">
    <subfield code="a">(NILC)RuMoRGB-006729534</subfield>
  </datafield>
  <datafield tag="035" ind1=" " ind2=" ">
    <subfield code="a">(NLR Aleph) 010218650</subfield>
  </datafield>
  <datafield tag="090" ind1=" " ind2=" ">
    <subfield code="a">10311651</subfield>
    <subfield code="c">10311651</subfield>
  </datafield>
  <datafield tag="100" ind1=" " ind2=" ">
    <subfield code="a">20140314d2013    um y0rusy50      ca</subfield>
  </datafield>
  <datafield tag="101" ind1="0" ind2=" ">
    <subfield code="a">rus</subfield>
  </datafield>
  <datafield tag="102" ind1=" " ind2=" ">
    <subfield code="a">RU</subfield>
  </datafield>
  <datafield tag="105" ind1=" " ind2=" ">
    <subfield code="a">ac||z|||001zy</subfield>
  </datafield>
  <datafield tag="200" ind1="1" ind2=" ">
    <subfield code="a">&#x415;&#x441;&#x441;&#x435;&#x43D;&#x442;&#x443;&#x43A;&#x438;</subfield>
    <subfield code="e">&#x43A;&#x430;&#x437;&#x430;&#x447;&#x44C;&#x44F; &#x441;&#x442;&#x430;&#x43D;&#x438;&#x446;&#x430; &#x438; &#x437;&#x43D;&#x430;&#x43C;&#x435;&#x43D;&#x438;&#x442;&#x44B;&#x439; &#x43A;&#x443;&#x440;&#x43E;&#x440;&#x442;</subfield>
    <subfield code="f">&#x42E;. &#x410;&#x43D;&#x434;&#x440;&#x435;&#x435;&#x432;</subfield>
  </datafield>
  <datafield tag="210" ind1=" " ind2=" ">
    <subfield code="a">&#x421;&#x442;&#x430;&#x432;&#x440;&#x43E;&#x43F;&#x43E;&#x43B;&#x44C;</subfield>
    <subfield code="c">&#x410;&#x413;&#x420;&#x423;&#x421;</subfield>
    <subfield code="d">2013</subfield>
  </datafield>
  <datafield tag="215" ind1=" " ind2=" ">
    <subfield code="a">424 &#x441;.</subfield>
    <subfield code="c">&#x438;&#x43B;., &#x43F;&#x43E;&#x440;&#x442;&#x440;.</subfield>
    <subfield code="d">21</subfield>
  </datafield>
  <datafield tag="300" ind1=" " ind2=" ">
    <subfield code="a">&#x41D;&#x430; 406-&#x439; &#x441;. &#x430;&#x432;&#x442;.: &#x410;&#x43D;&#x434;&#x440;&#x435;&#x435;&#x432; &#x42E;.&#x41F;., &#x433;&#x43E;&#x440;. &#x438;&#x43D;&#x436;&#x435;&#x43D;&#x435;&#x440;-&#x433;&#x435;&#x43E;&#x43B;&#x43E;&#x433;</subfield>
  </datafield>
  <datafield tag="320" ind1=" " ind2=" ">
    <subfield code="a">&#x411;&#x438;&#x431;&#x43B;&#x438;&#x43E;&#x433;&#x440;.: &#x441;. 415-421</subfield>
  </datafield>
  <datafield tag="320" ind1=" " ind2=" ">
    <subfield code="a">&#x414;&#x440;. &#x440;&#x430;&#x431;&#x43E;&#x442;&#x44B; &#x430;&#x432;&#x442;. &#x43D;&#x430; 406-&#x439; &#x441;.</subfield>
  </datafield>
  <datafield tag="320" ind1=" " ind2=" ">
    <subfield code="a">&#x418;&#x43C;&#x435;&#x43D;. &#x443;&#x43A;&#x430;&#x437;.: &#x441;. 407-414</subfield>
  </datafield>
  <datafield tag="517" ind1="1" ind2=" ">
    <subfield code="a">&#x41A;&#x430;&#x437;&#x430;&#x447;&#x44C;&#x44F; &#x441;&#x442;&#x430;&#x43D;&#x438;&#x446;&#x430; &#x438; &#x437;&#x43D;&#x430;&#x43C;&#x435;&#x43D;&#x438;&#x442;&#x44B;&#x439; &#x43A;&#x443;&#x440;&#x43E;&#x440;&#x442;</subfield>
  </datafield>
  <datafield tag="601" ind1="0" ind2="2">
    <subfield code="a">&#x415;&#x441;&#x441;&#x435;&#x43D;&#x442;&#x443;&#x43A;&#x438;, &#x43A;&#x443;&#x440;&#x43E;&#x440;&#x442;</subfield>
    <subfield code="9">1381381</subfield>
    <subfield code="3">RU\NLR\AUTH\66266148</subfield>
  </datafield>
  <datafield tag="606" ind1="1" ind2=" ">
    <subfield code="a">&#x41A;&#x430;&#x437;&#x430;&#x447;&#x435;&#x441;&#x442;&#x432;&#x43E;</subfield>
    <subfield code="y">&#x41A;&#x430;&#x432;&#x43A;&#x430;&#x437; &#x421;&#x435;&#x432;&#x435;&#x440;&#x43D;&#x44B;&#x439;</subfield>
    <subfield code="9">2055325</subfield>
    <subfield code="3">RU\NLR\AUTH\661232523</subfield>
  </datafield>
  <datafield tag="607" ind1=" " ind2=" ">
    <subfield code="a">&#x415;&#x441;&#x441;&#x435;&#x43D;&#x442;&#x443;&#x43A;&#x441;&#x43A;&#x430;&#x44F;, &#x441;&#x442;&#x430;&#x43D;&#x438;&#x446;&#x430; (&#x420;&#x43E;&#x441;&#x441;&#x438;&#x439;&#x441;&#x43A;&#x430;&#x44F; &#x424;&#x435;&#x434;&#x435;&#x440;&#x430;&#x446;&#x438;&#x44F;, &#x421;&#x442;&#x430;&#x432;&#x440;&#x43E;&#x43F;&#x43E;&#x43B;&#x44C;&#x441;&#x43A;&#x438;&#x439; &#x43A;&#x440;&#x430;&#x439;, &#x41F;&#x440;&#x435;&#x434;&#x433;&#x43E;&#x440;&#x43D;&#x44B;&#x439; &#x440;&#x430;&#x439;&#x43E;&#x43D;)</subfield>
    <subfield code="2">rugeo</subfield>
  </datafield>
  <datafield tag="607" ind1=" " ind2=" ">
    <subfield code="a">&#x415;&#x441;&#x441;&#x435;&#x43D;&#x442;&#x443;&#x43A;&#x438;, &#x433;&#x43E;&#x440;&#x43E;&#x434; (&#x421;&#x442;&#x430;&#x432;&#x440;&#x43E;&#x43F;&#x43E;&#x43B;&#x44C;&#x441;&#x43A;&#x438;&#x439; &#x43A;&#x440;&#x430;&#x439;)</subfield>
    <subfield code="x">&#x418;&#x441;&#x442;&#x43E;&#x440;&#x438;&#x44F;</subfield>
    <subfield code="9">1041724</subfield>
    <subfield code="3">RU\NLR\AUTH\66401260</subfield>
  </datafield>
  <datafield tag="686" ind1="1" ind2=" ">
    <subfield code="a">&#x420;354.99(2&#x420;37-4&#x421;&#x442;)</subfield>
  </datafield>
  <datafield tag="686" ind1="1" ind2=" ">
    <subfield code="a">&#x422;3(2&#x420;-4&#x421;&#x442;-2&#x415;)</subfield>
  </datafield>
  <datafield tag="686" ind1="1" ind2=" ">
    <subfield code="a">&#x422;3(2&#x420;37)0-294</subfield>
  </datafield>
  <datafield tag="700" ind1=" " ind2="1">
    <subfield code="a">&#x410;&#x43D;&#x434;&#x440;&#x435;&#x435;&#x432;</subfield>
    <subfield code="b">&#x42E;. &#x41F;.</subfield>
    <subfield code="f">1933-</subfield>
    <subfield code="g">&#x42E;&#x440;&#x438;&#x439; &#x41F;&#x430;&#x432;&#x43B;&#x43E;&#x432;&#x438;&#x447;</subfield>
    <subfield code="4">070</subfield>
  </datafield>
  <datafield tag="801" ind1=" " ind2="0">
    <subfield code="a">RU</subfield>
    <subfield code="b">&#x420;&#x413;&#x411;</subfield>
    <subfield code="c">20140129</subfield>
    <subfield code="g">RCR</subfield>
  </datafield>
  <datafield tag="801" ind1=" " ind2="1">
    <subfield code="a">RU</subfield>
    <subfield code="b">&#x420;&#x413;&#x411;</subfield>
    <subfield code="c">20140129</subfield>
    <subfield code="2">rusmarc</subfield>
  </datafield>
  <datafield tag="942" ind1=" " ind2=" ">
    <subfield code="c">BOOK</subfield>
  </datafield>
  <datafield tag="980" ind1=" " ind2=" ">
    <subfield code="a">NBR</subfield>
  </datafield>
</record>
